Paroles Bonne Idée - Jean Jacques Goldman - Statistiques

Statistiques générales
  • Ce quiz a été pris 239 fois
  • Le résultat moyen est 168 sur 241
Statistiques - réponses
Réponse % Correct
de
98%
De
98%
a
95%
à
95%
bon
95%
idée
95%
Un
94%
un
94%
la
93%
Bonne
92%
me
92%
ne
92%
su
91%
et
90%
Et
90%
je
90%
Je
90%
le
90%
des
89%
Des
89%
j'ai
88%
m'a
88%
ma
88%
ou
88%
88%
Une
88%
une
88%
si
87%
au
86%
Au
86%
les
86%
qui
86%
bien
84%
dit
83%
en
79%
Nous
79%
nous
79%
ces
78%
suis
78%
tous
76%
même
75%
jour
74%
compter
73%
janvier,
73%
vu
73%
puis
72%
très
72%
début
71%
fait
71%
lumière
71%
sommes
71%
On
69%
avons
68%
tout
68%
Tout
68%
dernier
67%
du
67%
été
67%
moins
67%
nés
67%
nos
67%
Reste
67%
Y
67%
y
67%
eu
66%
mais
66%
nuit
66%
fête
65%
fois
65%
qu'il
65%
vous
65%
ai
64%
milliers
64%
derniers
63%
meilleurs,
63%
parmi
63%
vainqueurs
63%
c'est
62%
alors
61%
est
61%
grand
61%
l'idée ?
61%
mes
61%
sorti
61%
course,
60%
gagné
60%
Comme
59%
mon
59%
plus
59%
rien
59%
creux
58%
mères
57%
Qu'importe
57%
autre
56%
Chaque
56%
chaque
56%
soleil,
56%
toi
56%
appuyés
54%
avait
54%
beau
54%
mûrir
54%
étincelle
52%
lequel
52%
nouveau
52%
qu'une
52%
aussi
51%
filles
51%
peu
51%
Ruth
51%
avant
50%
Avec
50%
pluie
50%
seul
50%
soir
50%
arc-en-ciel,
49%
ouvrant
49%
qu'on
49%
rideaux
49%
vœux
49%
Juste
48%
parfums,
48%
réveil,
48%
Frédéric
47%
l'obscurité
47%
absurdité
46%
caresser
46%
était
46%
étrange
46%
guitare
46%
J'me
46%
partageant
46%
rugby
46%
spaghetti,
46%
Winter
46%
mange
45%
passage,
45%
trouvés
45%
différent
44%
festins
44%
Johnny
44%
change
43%
chercher
42%
comprendre
41%
couleurs
41%
Dard
41%
débarque
41%
motards
41%
fatigué
40%
sac
40%
trésors
40%
éclatent
39%
j'étais
38%
désaltérer ?
37%
désert,
37%
hasard
37%
matches
37%
tombé
37%
marchais
36%
vraiment
36%
prendre,
35%
routes
35%
semble
34%
flots
33%
Moïshé,
33%
vertiges
33%
frères,
29%
tendres,
28%
Aucun quiz correspondant
Distribution des résultats
% des personnes avec chaque résultat
Percentile par nombre de réponses
Votre historique - résultats
Vous n’avez pas pris ce quiz